000
002870000a22000970004500
100
1
_a
Winter, Ralph D.
245
1
0
_a
Christian history in cross-cultural perspective
300
_a
Vol. 12, Núm 3 (1995), Páginas 127-132
773
0
_t
International Journal of Frontier Misions
942
_c
ANA
999
_c
55286
_d
55286